[Event "Grenke Chess Classic 3rd"]
[Site "Baden-Baden"]
[Date "2015.02.09"]
[Round "7"]
[White "Carlsen, Magnus"]
[Black "Bacrot, Etienne"]
[Result "1/2-1/2"]
[WhiteElo "2865"]
[BlackElo "2711"]
[Annotator "ChessBase"]
[PlyCount "92"]
[EventDate "2015.02.02"]
[EventType "tourn"]
[EventRounds "7"]
[EventCountry "GER"]
[EventCategory "20"]
[SourceTitle "CBM 165"]
[Source "ChessBase"]
[SourceDate "2015.03.11"]
[SourceVersion "1"]
[SourceVersionDate "2015.03.11"]
[SourceQuality "1"]

1. d4 Nf6 2. Nf3 g6 3. Bg5 Bg7 4. Nbd2 O-O 5. e3 d6 6. Bc4 Nbd7 7. O-O Qe8 8. a4 e5 9. a5 e4 10. Ne1 h6 11. Bh4 c6 12. Bb3 Nh5 $146 ({RR} 12... Kh8 13. c3 Nh7 14. f3 {½-½ (14) Hug,W (2465)-Apicella,M (2506) Istanbul 2000}) 13. f3 exf3 14. Qxf3 Ndf6 15. Nd3 Bg4 16. Qf2 Be6 17. Bxe6 Qxe6 18. Qf3 g5 19. Bf2 g4 20. Qe2 Rae8 21. a6 b6 22. Rae1 Nd5 23. e4 f5 24. Qd1 fxe4 25. Rxe4 Qf5 26. Qxg4 Qxg4 27. Rxg4 Re2 28. Rd1 Nhf6 29. Rg3 Nh5 30. Rf3 Rxf3 31. gxf3 Ne3 32. Bxe3 Rxe3 33. Nc4 Rxf3 34. Nb4 b5 35. Na5 (35. Na3 $1 {Even though this move looks rather awkward, it is actually very powerful. Once c6 falls so does b5, and then a7.} c5 36. Nc6 Rf7 37. Nxb5 $18) 35... c5 36. Nbc6 Rf7 37. Nb7 (37. dxc5 dxc5 38. Rd8+ Bf8 39. Ra8 $18 c4 40. b4 $1 {This key move locks out the bishop and gives White a winning position.}) 37... Nf4 38. dxc5 dxc5 39. Nxa7 $2 {Too hasty! This gives Black unexpected counterplay!} Bd4+ 40. Kh1 (40. Rxd4 Ne2+ $1 (40... cxd4 41. Nxb5 $18) 41. Kg2 Nxd4 42. c3 Rf6 $1 {And a6 falls, with White's winning chances really.}) 40... Nh3 $1 {A miracle perpetual! White cannot escape the threats, for now Nf2+ would win the rook.} 41. Kg2 (41. Ra1 Rg7 {gets White mated, nearly, and is way too risky. The a-pawn is not that fast.}) 41... Nf4+ 42. Kg3 Ne2+ 43. Kg4 Rf4+ 44. Kh3 (44. Kh5 Rf5+ 45. Kxh6 $4 (45. Kg6 Rf6+ 46. Kh5 $11) 45... Nf4 $19) 44... Rf3+ 45. Kg4 Rf4+ 46. Kh3 Rf3+ 1/2-1/2

[Event "Gashimov Memorial 2nd"]
[Site "Shamkir"]
[Date "2015.04.18"]
[Round "2"]
[White "Carlsen, Magnus"]
[Black "Mamedyarov, Shakhriyar"]
[Result "1-0"]
[WhiteElo "2863"]
[BlackElo "2756"]
[Annotator "Krasenkow,Michal"]
[PlyCount "57"]
[EventDate "2015.04.17"]
[EventType "tourn"]
[EventRounds "9"]
[EventCountry "AZE"]
[EventCategory "21"]
[SourceTitle "CBM 166"]
[Source "ChessBase"]
[SourceDate "2015.05.11"]
[SourceVersion "1"]
[SourceVersionDate "2015.05.11"]
[SourceQuality "1"]

1. d4 d5 2. c4 c6 3. Nf3 Nf6 4. e3 g6 5. Nc3 Bg7 6. Be2 O-O 7. O-O b6 {Quite a passive system leading to a small plus for White. However, Black's position is solid and difficult to break.} 8. a4 {Among other options seen in practice:} (8. b4) (8. b3) (8. cxd5) (8. Bd2) (8. Qc2) (8. Ne5) (8. Qb3) 8... a5 (8... Bf5 9. a5 Nbd7 10. cxd5 cxd5 11. a6 $1 Nb8 12. Ne5 Nfd7 13. Bf3 Nxe5 14. dxe5 Nc6 15. Bxd5 Rc8 16. e4 Bd7 17. f4 $16 {1-0 (35) Golod,V (2576)-Meenakshi,S (2310) Port Erin 2006}) (8... Nbd7 9. cxd5 $1 cxd5 10. b3 Bb7 11. Ba3 Ne4 12. Rc1 Rc8 13. Nxe4 dxe4 14. Rxc8 Qxc8 15. Nd2 Re8 16. Qb1 e5 17. Nc4 Qa8 18. Nd6 $14 {1/2 (47) Zhou,J (2574)-Yu,R (2548) China 2014}) (8... Ba6 9. b3 (9. a5 dxc4 10. axb6 axb6 11. Bxc4 b5 12. Be2 b4 13. Na4 c5 $1 $11 {1/2 (41) Szoen,D (2452)-Orzech,D (2394) Rewal 2007}) 9... c5 10. Ba3 $36 cxd4 $6 11. Nxd4 Bb7 12. Bf3 Re8 13. cxd5 Nxd5 14. Ndb5 e6 15. Nxd5 Bxd5 16. Nd6 $18 {1-0 (26) Koziak,V (2489)-Orzech,D (2472) Rewal 2008}) (8... Bb7 9. a5 e6 10. b4 dxc4 11. Bxc4 Nd5 12. Nxd5 exd5 13. Bd3 b5 14. Nd2 a6 15. Nb3 Nd7 16. Qf3 f5 17. Qg3 Rf7 18. Bd2 $14 {1/2 (39) Bukavshin,I (2517)-Bu,X (2670) Moscow 2012}) 9. cxd5 (9. Qb3 $5 e6 10. Bd2 Nbd7 (10... Na6 {[%csl Yb4] looks more logical}) 11. Rfd1 Qc7 12. Rac1 Qb8 13. Bd3 Bb7 14. cxd5 exd5 15. e4 dxe4 16. Nxe4 Nd5 17. Bc4 Re8 18. Nc3 N7f6 19. Ne5 $16 {1-0 (32) Arutinian,D (2561)-Petrosyan,T (2315) Jermuk 2012}) 9... cxd5 (9... Nxd5 {makes some sense here since the knight can take the comfortable b4-square; however, White can comfortably bypass it:} 10. e4 Nb4 11. Be3 ({or} 11. h3 Nd7 12. Bg5 Ba6 13. Rc1 Re8 14. Bxa6 Rxa6 15. Qe2 Ra8 16. Rfd1 Qb8 17. Qc4 Qb7 18. e5 Nf8 19. d5 $14 {1/2 (33) Roeder,M (2440)-Sapis,W (2440) Cappelle la Grande 1995}) 11... Bg4 12. h3 Bxf3 13. Bxf3 N8a6 14. d5 Nc5 15. Qe2 Qe8 $5 16. Rfd1 Rc8 17. dxc6 Qxc6 18. e5 $14 {1/2 (32) Anand,V (2800)-Wang,Y (2732) Nanjing 2010 CBM 139 [Edouard,R]}) 10. b3 Ne4 $6 {[%mdl 32] Black doesn't just neglect development but also trades White's "excess piece", i.e. his c3-knight, which only blocks his activity on the c-file. Additionally, Black obtains a vulnerable e4-pawn. Not surprisingly, he gets into trouble.} (10... Bb7 11. Ba3 Nc6 12. Rc1 Rc8 {looks more appropriate.}) 11. Nxe4 dxe4 12. Nd2 Bb7 13. Ba3 f5 (13... Nc6 $142 {but still after} 14. Rc1 Rc8 15. Bb5 {[%cal Yd1e2] White is clearly on top.}) 14. Rc1 Kh8 $146 ({RR} 14... Nd7 15. b4 Nf6 16. bxa5 bxa5 17. Nc4 Nd5 18. Ne5 f4 19. Qb3 Rb8 20. Bb5 Bxe5 21. dxe5 fxe3 22. fxe3 Rxf1+ 23. Rxf1 Rc8 24. Bc4 Qd7 25. e6 Qc6 26. Rc1 Nb6 27. Ba6 Bxa6 28. Rxc6 Rxc6 29. Bxe7 {Vachier Lagrave,M (2758)-Li,C (2750) Skopje 2015 1-0 (32)}) 15. Nc4 Nd7 16. d5 $1 Rc8 17. d6 e6 $8 {[%csl Gd6]} 18. b4 $1 {White must open up the queenside to reach Black's blockading d7-knight.} axb4 19. Bxb4 Bd5 20. a5 $1 bxa5 21. Bxa5 Qe8 22. Qa4 Bc6 23. Qb4 Rb8 24. Nb6 $1 Ne5 $2 (24... Nxb6 $142 25. Bxb6 Qd7 {- although the queen is not the best blockader, White still had to work hard to make use of his passed pawn.}) 25. Qc5 Ba8 $2 {This loses instantly but gymnastics like} (25... Rf7 26. Bc3 Rfb7 $1 27. Bxe5 Rxb6 {would have hardly rescued Black either.}) 26. Bc3 $1 Nd7 (26... Qc6 27. Qxe5 $1 $18) (26... Nf7 27. Bb5 Qd8 28. Nd7) (26... Bd5 27. Nxd5 exd5 28. Qxd5 $18) 27. Bxg7+ Kxg7 28. Nxd7 Qxd7 29. Qe5+ {[%cal Rc1c7]} 1-0

[Event "Gashimov Memorial 2nd"]
[Site "Shamkir"]
[Date "2015.04.19"]
[Round "3"]
[White "Caruana, Fabiano"]
[Black "Carlsen, Magnus"]
[Result "0-1"]
[WhiteElo "2802"]
[BlackElo "2863"]
[Annotator "Stohl,Igor"]
[PlyCount "104"]
[EventDate "2015.04.17"]
[EventType "tourn"]
[EventRounds "9"]
[EventCountry "AZE"]
[EventCategory "21"]
[SourceTitle "CBM 166"]
[Source "ChessBase"]
[SourceDate "2015.05.11"]
[SourceVersion "1"]
[SourceVersionDate "2015.05.11"]
[SourceQuality "1"]

{Caruana had reasonable results against the World Champion in the last 2 years, but in 2015 the tide started to change. Despite having Black, Carlsen won a nice attacking game in Wijk (see CBM 165) and easily drew in Baden.} 1. d4 {Fabiano avoids the Sicilian, or Berlin...} f5 $5 {Magnus is in a fighting mood! However, this could have hardly surprised Caruana, as his opponent has already played the Dutch more than once this year.} 2. g3 Nf6 3. Bg2 e6 4. c4 c6 {Still following his win against Anand in Baden. The flexible text move waits for White to declare his intentions with the g1 before committing the d7.} ({After the immediate} 4... d5 {White scored well with the} 5. Nh3 $5 {system, an impressive example was} c6 6. O-O Bd6 7. Qc2 O-O 8. Nd2 Bd7 9. Nf3 Be8 10. Bf4 h6 11. Qb3 b6 12. Rfc1 Be7 13. cxd5 Nxd5 14. Bd2 g5 15. Ne5 a5 16. e4 fxe4 17. Bxe4 Ra7 18. f4 gxf4 19. Kh1 Bf6 20. Nxf4 $16 {Anand,V (2769)-Nikolic,P (2659) Wijk aan Zee 2000 See the notes to this game by Tyomkin in CBM 75.}) 5. Nf3 ({Now} 5. Nh3 {allows} d6 $5 {[%cal Ye6e5]} 6. Nc3 e5 (6... Be7 7. e4 e5 $132) 7. dxe5 dxe5 8. Qxd8+ Kxd8 9. Ng5 Ke8 10. e4 Bd6 11. exf5 Bxf5 12. O-O h6 13. Rd1 Bc5 14. Nge4 Bxe4 15. Bxe4 Kf7 16. Bf5 Na6 17. Re1 g6 18. Bh3 Nb4 19. Re2 Rad8 20. Rb1 Bd4 21. Kg2 Nd3 22. Be3 b6 $11 {[%csl Gd3,Gd4] Wojtaszek,R (2721)-Vaisser,A (2533) FRA-chT Mulhouse 2011}) 5... d5 {[%mdl 32] The Stonewall leads to a complex strategic fight with almost no long forcing lines - all in all an opening suiting Carlsen's style. Moreover it belonged to the repertoire of his trainer Agdestein.} 6. O-O Bd6 7. b3 Qe7 8. Bb2 {Allows Black to fianchetto his c8.} ({He was fine also after} 8. Ne5 O-O (8... b6 {now runs into} 9. cxd5 cxd5 10. Nc4 $1 Nc6 11. Nxd6+ Qxd6 12. Ba3 Nb4 13. Nd2 $14) 9. Nd2 a5 10. Bb2 Nbd7 11. Qc2 a4 (11... Ne4 12. Ndf3 a4) 12. Ndf3 ({Possibly critical is the greedy} 12. bxa4 Ne4 (12... Bxe5 13. dxe5 Ng4 14. Nf3 Nb6 15. cxd5 exd5 16. h3 Nh6 17. Nd4 Nc4 (17... f4 $5 $13) 18. f4 Ne3 19. Qb3 Nxf1 20. Ba3 Qd8 21. Bxf8 Nxg3 22. Bxg7 Nxe2+ 23. Nxe2 Kxg7 24. Nd4 Ng8 25. Re1 $36 {Visloguzov,V (2036)-Jardi Talarn,J (2054) email 2011}) 13. Nxe4 $1 (13. Ndf3 Bxe5 (13... Qd8 14. Nd3 Qa5 15. Nf4 Bxf4 16. gxf4 Qxa4 17. Qxa4 Rxa4 18. cxd5 exd5 19. e3 Nb6 20. Ne5 {Kiriakov,P (2555)-Moskalenko,V (2540) playchess.com blitz 2006} Nc4 $15) 14. dxe5 (14. Nxe5 $142 $5) 14... Nb6 15. cxd5 exd5 16. Rab1 Nc4 17. Rfd1 Qb4 18. Nd4 Qxa4 $36 {Goganov,A (2550)-Sandipan,C (2590) Moscow 2013}) 13... fxe4 14. f4 exf3 15. Nxf3 $14 {Roiz}) 12... Ne4 13. e3 a3 14. Bc3 Nxe5 15. Nxe5 Bd7 16. Nxd7 (16. Be1 $142 $1 $14) 16... Qxd7 17. c5 Bc7 18. b4 h5 19. Be1 e5 20. dxe5 Bxe5 21. Rd1 Qe6 $11 {Anand,V (2797)-Carlsen,M (2865) Baden-Baden 2015 For more details see the notes to this game by Roiz in CBM 165.}) 8... b6 9. Ne5 Bb7 10. Nd2 ({White will later redirect his  to c3, but here the immediate} 10. Nc3 {is not too effective due to} Nbd7 $11 {forcing White to make a decision about his e5.}) 10... O-O 11. Rc1 ({My own experience with this line was rather bleak, after} 11. e3 a5 12. Nd3 Na6 13. a3 Rac8 14. Qe2 Ne4 15. Rfc1 c5 16. dxc5 Naxc5 17. Nxc5 bxc5 18. Rd1 a4 19. bxa4 Ra8 20. f3 Nxd2 21. Qxd2 Rxa4 22. cxd5 exd5 23. f4 $11 {Stohl,I (2465)-Glek,I (2430) Tallinn 1986 White just barely managed to hold the balance (and lost due to a miscalculation later on).}) 11... a5 12. e3 {The most usual move, but it's not easy for White to get anything tangible from the opening.} (12. Nd3 Na6 13. Nf3 {avoids ideas with xe5; White intends to put the other  on e5, but this manoeuvring costs time and Black gets counterplay after} Ne4 14. Nfe5 Rac8 (14... c5 15. f3 Nf6 16. cxd5 exd5 17. Re1 Nb4 18. a3 Nc6 19. e3 Nd8 20. Bh3 g6 21. Nf4 Qe8 22. Ned3 Rc8 23. dxc5 bxc5 24. Qd2 a4 25. e4 $5 dxe4 26. fxe4 Bxe4 27. b4 $36 {Martin Clemente,J (2638)-Timmerman,G (2694) email 2009}) 15. e3 c5 16. dxc5 bxc5 17. Nf4 Nb4 18. a3 Bxe5 19. Bxe5 Nc6 {½ Avrukh,B (2425)-Gleizerov,E (2535) St Petersburg 1994} 20. Bb2 d4 $1 $132) (12. Nb1 Nbd7 (12... Ne4 13. f3 Nf6 14. Nc3 Nbd7 15. Nxd7 Nxd7 16. e4 dxc4 17. bxc4 e5 18. exf5 exd4 19. Re1 Ne5 20. Ne4 Ba3 21. Bxa3 Qxa3 22. Qxd4 Nxf3+ 23. Bxf3 Qxf3 24. c5 $16 {Gordon,S (2556)-Djurhuus,R (2436) Oslo 2012}) 13. cxd5 cxd5 14. Nc4 b5 15. Nxd6 Qxd6 16. Nc3 Ba6 {[%csl Ga6,Rg2] Black's bad a6 is more effective, than the "good"one on g2.} 17. Qd2 Rfc8 18. f3 b4 19. Nd1 a4 20. Ne3 a3 21. Rxc8+ Rxc8 22. Bc1 f4 23. gxf4 Qxf4 $11 {, Tukmakov,V (2575)-Agdestein,S (2560) Dortmund 1987}) 12... Na6 13. Nb1 $146 {A novelty, but judging by the time-consumption an over the board idea. The  heads for c3 and possibly for a4 (or e2-f4).} ({Until now White mostly connected his rooks with} 13. Qe2 Ne4 (13... Nc7 14. Ndf3 Ne4 15. Rfd1 a4 16. Nd3 a3 17. Ba1 Na6 18. Nfe5 c5 19. f3 Nf6 20. Bh3 g6 21. Rd2 Rac8 22. Rdc2 Rc7 23. Rd1 Rfc8 24. Rcd2 cxd4 25. Bxd4 Nc5 26. Nxc5 Bxc5 27. Bg2 Ba6 28. Bf1 Nd7 29. Nxd7 Rxd7 30. Bxc5 Qxc5 31. Qf2 Rcd8 32. e4 d4 $132 {Hansen,O (2499)-Timmerman,G (2694) email 2009}) (13... a4 14. bxa4 Bxe5 15. dxe5 Nd7 16. a5 Nac5 17. Bc3 bxa5 18. Nb3 Nxb3 19. axb3 Nc5 20. Qc2 Ne4 21. Bb2 a4 22. bxa4 Ba6 23. f3 Ng5 24. cxd5 Bxf1 25. d6 $16 {So,W (2656)-Reinderman,D (2573) Wijk aan Zee 2010}) (13... Bxe5 14. dxe5 Ne4 15. Rfd1 a4 $5 16. Nb1 Nb4 (16... axb3 17. axb3 Nac5 18. Qc2 Ra2 $132 {} 19. f3 $6 Qg5 $1 20. fxe4 fxe4 $44) 17. Ba3 axb3 18. axb3 c5 19. f3 Ng5 20. h4 Nf7 21. Bxb4 cxb4 22. f4 dxc4 23. Bxb7 Qxb7 24. Rxc4 Rfd8 25. Rxd8+ Nxd8 {Alekseev,E (2640)-Moiseenko,A (2662) Sochi 2006} 26. Rxb4 $14) 14. Rfd1 c5 15. Nb1 Nb4 16. f3 Nxa2 17. fxe4 Nxc1 18. Bxc1 fxe4 19. Nc3 Rad8 20. Nb5 cxd4 21. exd4 Bxe5 22. dxe5 dxc4 {Van Wely,L (2668)-Ulibin,M (2581) Moscow 2003} 23. Rxd8 Rxd8 24. bxc4 Qc5+ 25. Be3 Qxe5 26. Bxb6 $13) ({RR} 13. Qe2 Bxe5 14. dxe5 Ne4 15. Rfd1 a4 16. Nb1 Nb4 17. Ba3 axb3 18. axb3 c5 19. f3 Ng5 20. h4 Nf7 21. Bxb4 cxb4 22. f4 dxc4 23. Bxb7 Qxb7 24. Rxc4 Rfd8 25. Rxd8+ Nxd8 26. Nd2 Nc6 27. Qg2 Rc8 {Alekseev,E (2640)-Moiseenko,A (2662) Sochi 2006 ½-½ (60)}) ({RR} 13. cxd5 cxd5 14. Nb1 Nb4 15. a3 Na6 16. f3 Rfc8 17. Rf2 Nd7 18. Nxd7 Qxd7 19. Bf1 Rxc1 20. Qxc1 Rc8 21. Rc2 Rxc2 22. Qxc2 Nc7 23. Nc3 Qc6 24. Qc1 b5 25. a4 b4 26. Nb5 Nxb5 27. Bxb5 Qc7 {Lamza,Z (2220)-Panas,P (2159) Poronin 2020 ½-½}) 13... Bxe5 $5 {A very straightforward solution.} ({Black can also redirect his  with} 13... Nb8 14. Nc3 Nbd7 {Carlsen maybe didn't relish the possibility} 15. f4 $5 (15. Na4 b5 $11 {is harmless}) 15... Rac8 $13 {with a complex double Stonewall.}) 14. dxe5 Ne4 15. Qe2 (15. cxd5 exd5 $5 16. Nc3 Nac5 $132) ({It was worth considering} 15. Nc3 $5 {} Nac5 (15... Rac8 $142 $5) 16. Ba3 $14) 15... a4 $146 ({RR} 15... Nc7 16. f3 Ng5 17. h4 Nf7 18. e4 fxe4 19. fxe4 dxc4 20. Qxc4 c5 21. Rfd1 {½-½ (21) Komarov,D (2575)-Gleizerov,E (2540) Leeuwarden 1995}) 16. Nc3 $6 {A mediocre reaction, after which already White will have to tread with care.} ({The principled continuation was} 16. Ba3 $142 c5 17. f3 Ng5 18. cxd5 Bxd5 (18... exd5 $5 19. bxa4 $13) 19. bxa4 (19. Nc3 Nc7 $13 {can transpose}) 19... Nc7 20. e4 fxe4 21. fxe4 Rxf1+ 22. Rxf1 Bc6 23. h4 Nf7 24. Qb2 $13) (16. Rfd1 {transposes to Alekseev-Moiseenko above.}) 16... axb3 (16... a3 $5 17. Ba1 Nb4 $13 {[%csl Ra1] / also deserves attention, but true to himself, Carlsen chooses a simple technical solution.}) 17. axb3 Qb4 18. Nxe4 (18. cxd5 exd5 {is also pleasant for Black.}) 18... dxe4 {Black continues in the spirit of his 16th move and chooses the simpler symmetrical recapture.} ({More complex is} 18... fxe4 19. Bh3 (19. Bc3 $5 Qxb3 20. cxd5 exd5 21. Bh3 $44) 19... Rfe8 20. f4 $1 $13 {[%cal Yf4f5]}) 19. Qc2 Nc5 20. Bc3 Qxb3 21. Qxb3 Nxb3 22. Rb1 Nc5 23. Rxb6 Na4 24. Rxb7 Nxc3 {[%csl Gc3,Rg2][%mdl 4096] A series of natural moves has led to an endgame in which White must still solve the problem of his passive g2. It would seem that this is simple enough, but in such technical positions Carlsen is incomparable.} 25. Re7 {Voluntarily exchanges the  on the 7th rank.} ({A more active way is} 25. f3 $5 {White intends to reanimate his bishop either on the long diagonal, or by hitting e6 from h3 after a pawn swap on e4. All this should be sufficient to hold the balance.}) 25... Rfe8 26. Rxe8+ Rxe8 27. Ra1 $6 (27. f3 $1 $132 {still seems preferable.}) 27... Rd8 28. Bf1 {White must already change plans and start calculating.} (28. Ra6 $5 Ne2+ 29. Kf1 Nc1 30. Kg1 Rd1+ (30... Rc8 31. Bf1 $132 {and Black's  is too passive}) 31. Bf1 Nb3 32. Kg2 Nd2 33. Ra8+ Kf7 34. Ra7+ {} Kg6 35. Rd7 Rxf1 36. Rxd2 Rc1 37. Rd6 $11) (28. f3 Rd1+ $1 29. Rxd1 Nxd1 30. fxe4 Nxe3 $15 31. exf5 $2 Nxg2 32. Kxg2 exf5 33. Kf3 Kf7 34. Ke3 c5 $1 35. Kf3 Ke6 36. Kf4 h6 $19) 28... c5 29. Ra3 (29. Ra5 $5) 29... Nb1 $5 30. Ra1 (30. Ra5 {or}) (30. Ra6 $142 {seems preferable:} Rd1 31. Ra8+ Kf7 32. Ra7+ Kg6 33. Ra1 {and it's still not clear, how Black should make progress.} (33. Kg2 Rd2 (33... Nd2 34. Rd7 Rxf1 35. Rxd2 Rc1 36. Rd7 Rxc4 37. Re7 $11) 34. Re7 Nc3 35. Kg1 Nd1 36. Rxe6+ Kf7 37. Rd6 Rxd6 38. exd6 g6 $11 {/})) 30... Nd2 $1 31. Be2 $2 ({This is already a serious error, more or less necessary was} 31. Kg2 $8 Nf3 32. Ra6 Kf7 33. Ra7+ Kf8 34. Rc7 Rd1 35. Rc8+ (35. Rxc5 Nd2 36. Be2 Re1 {[%csl Re2]}) 35... Kf7 36. Rc7+ Kg6 37. Rc6 $1 $132) 31... Nf3+ 32. Bxf3 (32. Kg2 Nxe5 $17 {gives Black a healthy extra pawn.}) 32... exf3 33. h3 h5 $17 {White had a slightly unpleasant position, some nine moves later he is on the verge of losing.} 34. g4 (34. Ra6 Rd1+ 35. Kh2 Rf1 36. Rxe6 Rxf2+ 37. Kg1 (37. Kh1 $2 Rf1+ 38. Kh2 Rc1) 37... Rg2+ 38. Kf1 Kf7 $17) ({With the passive} 34. Ra5 Rd1+ 35. Kh2 Rf1 36. Ra2 (36. Rxc5 Rxf2+ 37. Kg1 Rg2+ 38. Kf1 Rxg3 $17) {, White pins his hopes to stalemate tricks after} 36... g5 (36... Rc1 $5) 37. h4 g4 38. e4 $17 {However, it's difficult to believe this would save the game, moreover in time trouble one naturally strives for activity.}) 34... fxg4 35. hxg4 h4 $1 {[%csl Rg1]} 36. Kh2 (36. g5 Kh7 37. Ra6 Rd1+ 38. Kh2 Rf1 39. Rxe6 Rxf2+ 40. Kh3 Rc2 $19) 36... Rd2 37. Kh3 $6 (37. g5 $1 Rxf2+ 38. Kh3 Kh7 39. Kxh4 Rg2 40. Rf1 $17 {was the last chance to fight on. Black will have an extra pawn, but converting it still presents technical problems.}) 37... g5 {Keeps the king boxed in.} 38. e4 Rd4 $1 (38... Rxf2 $2 39. Ra8+ Kf7 40. Ra7+ Ke8 41. Ra8+ Kd7 42. Ra7+ Kc6 43. Ra6+ Kb7 44. Ra7+ $11 {is too obvious, Carlsen easily avoids the stalemate trap.}) 39. Ra8+ Kf7 40. Ra3 Rxc4 41. Rxf3+ Ke7 42. Re3 Rd4 43. f3 c4 $19 {[%csl Gc4,Gh4] Material is still equal, but Black's positional superiority with 2 strong passed pawns is decisive.} 44. Ra3 ({After} 44. Rc3 {Black already has a choice:} Kd7 $19 (44... Rd3 $5 45. Rxc4 Rxf3+ $19)) 44... Rd3 45. Ra7+ Kd8 46. Kg2 c3 47. Ra4 c2 48. Rc4 Rd2+ 49. Kh3 Kd7 50. Rc5 (50. Rc3 Rf2 $19 {[%cal Rf2f3]}) 50... Rf2 51. f4 Rf3+ (51... gxf4 52. g5 f3 53. g6 Rd2 54. g7 f2 $19 {is more forcing, but Black can already win without any calculation.}) 52. Kh2 Rxf4 ({White has had enough, the endgame after} 52... Rxf4 53. Rxc2 Rxe4 $19 ({or} 53... Rxg4 $5 $19 {is completely hopeless.})) 0-1

[Event "Gashimov Memorial 2nd"]
[Site "Shamkir"]
[Date "2015.04.23"]
[Round "6"]
[White "Giri, Anish"]
[Black "Carlsen, Magnus"]
[Result "1/2-1/2"]
[WhiteElo "2790"]
[BlackElo "2863"]
[PlyCount "74"]
[EventDate "2015.04.17"]
[EventType "tourn"]
[EventRounds "9"]
[EventCountry "AZE"]
[EventCategory "21"]
[SourceTitle "CBM 166"]
[Source "ChessBase"]
[SourceDate "2015.05.11"]
[SourceVersion "1"]
[SourceVersionDate "2015.05.11"]
[SourceQuality "1"]

1. d4 e6 2. c4 Nf6 3. Nf3 d5 4. Nc3 Bb4 5. Bg5 h6 6. Bxf6 Qxf6 7. e3 O-O 8. Rc1 dxc4 9. Bxc4 c5 10. dxc5 Nd7 11. c6 Ne5 12. Nxe5 Qxe5 13. O-O bxc6 14. Qe2 $146 ({RR} 14. Qc2 Rb8 15. Rfd1 Be7 16. b3 Bb7 17. Bf1 Rfd8 18. g3 c5 19. Bg2 Ba6 20. h4 Rxd1+ 21. Rxd1 Rd8 22. Rxd8+ Bxd8 23. Bf1 Bf6 24. Bxa6 Qxc3 25. Qe4 g6 26. Qa8+ Kg7 27. Qxa7 Qa5 28. a4 c4 {Kuzubov,Y (2625)-Sevian,S (2698) Douglas IOM 2023 ½-½ (61)}) ({RR} 14. Qc2 Bb7 15. Be2 c5 16. Rfd1 Rfd8 17. Bf1 Bxc3 18. bxc3 Be4 19. Qa4 Rxd1 20. Rxd1 Bd5 21. c4 Be4 22. Qa5 Bc2 23. Rc1 Qb2 24. Qd2 Qxa2 25. Qxc2 Qxc2 26. Rxc2 {1-0 (26) Zou,C (2443)-Casadio,N (2268) chess.com INT 2025}) 14... Rd8 15. Rfd1 Bb7 16. Rxd8+ Rxd8 17. Rd1 Rxd1+ 18. Qxd1 Qc7 19. h3 Bxc3 20. bxc3 c5 21. Qa4 Qc6 22. Qxc6 Bxc6 23. Bd3 e5 24. f4 f6 25. Kf2 Kf7 26. h4 Ke6 27. g3 g5 28. hxg5 hxg5 29. fxg5 fxg5 30. Ke1 Bd5 31. a3 e4 32. Be2 Ke5 33. Kd2 Be6 34. Ke1 Kd6 35. Kd2 Ke5 36. Ke1 Kd6 37. Kd2 Ke5 1/2-1/2